Które województwo jest... - Statystyki

Ogólne statystyki
  • Ten quiz został rozwiązany 213 razy
  • Średni wynik to 9 z 14
Statystyki odpowiedzi
Zagadnienie Odpowiedź % Poprawnych
Które województwo NIE ma dwóch stolic? pomorskie
100%
Które województwo jest największe powierzchniowo? województwo mazowieckie
100%
Które województwo jest najmniejsze powierzchniowo? województwo opolskie
100%
Które województwo jest najbogatsze? Mazowieckie
86%
Które województwo ma największą gęstość zaludnienia? [osoba/km2] śląskie
86%
Które województwo ma najwięcej powiatów? mazowieckie
71%
Które województwo ma największy poziom urbanizacji? śląskie
71%
Które województwo ma najwięcej Parków Narodowych? małopolskie
57%
Które województwo jest najludniejsze? mazowieckie
57%
Które województwo ma najmniejszą populacje? opolskie
57%
Które województwo jest najbardziej zalesione? Lubuskie
43%
Które województwo jest najbiedniejsze? Lubelskie
14%
Które województwo ma najmniej miast? opolskie
14%
Które województwo ma najwięcej miast? wielkopolskie
0%
Nie znaleziono quizów pasujących do podanych kryteriów
Rozkład punktacji
Procent ludzi z każdym wynikiem
Percentyl według liczby udzielonych odpowiedzi
Twoja historia wyników
Nie rozwiązałeś tego quizu